书目信息 |
| 题名: |
中国机读目录格式使用手册
|
|
| 作者: | 潘太明 修订 | |
| 分册: | ||
| 出版信息: | 北京 科学技术文献出版社 2001 |
|
| 页数: | 642页 | |
| 开本: | 26cm | |
| 丛书名: | ||
| 单 册: | ||
| 中图分类: | G254.364-62 | |
| 科图分类: | ||
| 主题词: | 机器可读目录 , 编目规则 , 机器可读目录--编目规则--中国--手册 | |
| 电子资源: | ||
| ISBN: | 7-5023-3733-4 | |
| 000 | 01028nam0 2200361 450 | |
| 000 | 00991nam0 2200349 450 | |
| 000 | 00954nam0 2200337 450 | |
| 000 | 00917nam0 2200325 450 | |
| 000 | 00992nam0 2200361 450 | |
| 000 | 00938nam0 2200337 450 | |
| 000 | 00864nam0 2200313 450 | |
| 000 | 00827nam0 2200301 450 | |
| 000 | 00786nam0 2200289 45 | |
| 001 | (011001)c2001057546 | |
| 005 | 20070728162045.07 | |
| 010 | @a7-5023-3733-4@dCNY85.00 | |
| 100 | @a20010227d2001 emky0chiy0120 ea | |
| 101 | 0 | @achi |
| 102 | @aCN@b110000 | |
| 105 | @ay gz 000yy | |
| 200 | 1 | @a中国机读目录格式使用手册@f潘太明等修订 |
| 205 | @a修订版 | |
| 210 | @a北京@c科学技术文献出版社@d2001 | |
| 215 | @a642页@d26cm | |
| 510 | 1 | @aChina MARC Format Manual@zeng |
| 606 | 0 | @a机器可读目录 |
| 606 | 0 | @a编目规则 |
| 606 | 0 | @a机器可读目录@x编目规则@y中国@j手册 |
| 690 | @aG254.364-62@v4 | |
| 701 | 0 | @a潘太明@4修订 |
| 801 | 0 | @aCN@bTSSF@c20070728 |
| 905 | @a10447@dG254.364-62@e103 | |
| 中国机读目录格式使用手册/潘太明等修订.-修订版.-北京:科学技术文献出版社,2001 |
| 642页;26cm |
| ISBN 7-5023-3733-4:CNY85.00 |
| ● |
| 相关链接 |
|
|
|
|
正题名:中国机读目录格式使用手册
索取号:G254.364-62/103
 
预约/预借
| 序号 | 登录号 | 条形码 | 馆藏地/架位号 | 状态 | 备注 |
| 1 | 0784377 | 207843770 | 第一样本阅览室/ [索取号:G254.364-62/103] | 在馆 |